| 000 | 00765nam a2200193Ia 4500 | ||
|---|---|---|---|
| 008 | 0000001991 mX a 0000000000spa00 | ||
| 090 | _aPPR00 R61a1 | ||
| 100 | 1 |
_aRocheRabell, Arnaldo _d1955 |
|
| 245 | 1 | 0 |
_aArnaldo RocheRabell _b: iluminaciones |
| 300 |
_a[16] p. _c/ 28 cm. |
||
| 500 | _aExposición realizada en la Galería Alejandro Gallo, Noviembre Diciembre, 1991 \ Con el patronazgo del maestro venezolano Jesús Rafael Soto (q.e.p.d.) | ||
| 600 | 0 | 0 |
_aROCHERABELL, ARNALDO, 1955 / _xTRABAJOS PICTORICOS |
| 650 | 1 | 4 | _aARTE CONTEMPORANEO PUERTORRIQUEÑO |
| 650 | 1 | 4 | _xCATALOGOS |
| 650 | 1 | 4 | _xEXPOSICIONES |
| 650 | 1 | 4 | _aPINTORES PUERTORRIQUEÑOS |
| 650 | 1 | 4 | _aPINTURA PUERTORRIQUEÑA |
| 999 |
_c4483 _d4483 |
||
| 260 |
_aMonterrey : Arte Actual Mexicano _c1991 |
||